National Rail Stations in Cornwall - Statistics

General Stats
  • This quiz has been taken 155 times
  • The average score is 19 of 36
Answer Stats
Station % Correct
Penzance
98%
Truro
93%
Newquay
89%
St Ives
89%
St Austell
85%
Redruth
80%
Looe
78%
Par
77%
Liskeard
75%
Camborne
74%
Saltash
74%
St Erth
73%
Bodmin Parkway
72%
Hayle
63%
Falmouth Town
53%
Lostwithiel
53%
Falmouth Docks
52%
Penryn
50%
St Germans
50%
Carbis Bay
47%
Lelant
47%
Lelant Saltings
39%
Gunnislake
36%
Quintrell Downs
32%
Bugle
31%
Menheniot
30%
Perranwell
28%
Roche
27%
Calstock
25%
Coombe Junction Halt
25%
Penmere
24%
Sandplace
24%
St Columb Road
24%
St Keyne Wishing Well Halt
24%
Luxulyan
19%
Causeland
15%
No matching quizzes found
Score Distribution
Percent of People with Each Score
Percentile by Number Answered
Your Score History
You have not taken this quiz